Prontuário e Conjugação de Verbos (Registo nº 939)
[ vista simples ]
| 000 -Etiqueta do registo | |
|---|---|
| Cabeçalho | 00797nam0a2200301 i 4500 |
| 005 - Identificador da versão | |
| Campo de controlo | 20240813121819.0 |
| 010 ## - Número internacional normalizado dos livros (ISBN) | |
| Número (ISBN) | 9789726508342 |
| 021 ## - Número do Depósito Legal | |
| Código do país | PT |
| Número | 2878-0109 |
| 035 ## - Other System Control Numbers | |
| System Control Number | 0001004 |
| System Control Number | 0000987 |
| 100 ## - Dados gerais de processamento | |
| Dados gerais de processamento | 20091120d m y0pory5003 ba |
| 102 ## - Pais de publicação ou produção | |
| País de publicação | Portugal |
| 101 0# - Língua de publicação | |
| Língua do texto, banda sonora, etc. | Português |
| Língua do documento no original | Português |
| 106 ## - Campo de dados codificados: material textual | |
| Dados codificados do material textual | r |
| 105 ## - Campo de dados codificados: livros | |
| Dados codificados dos livros | y z 001yy |
| 215 ## - Descrição física | |
| Indicação específica da natureza do documento e extensão da espécie | 444 |
| 200 1# - Titulo e menção de responsabilidade | |
| Título próprio | Prontuário e Conjugação de Verbos |
| Informação de outro título | com o novo acordo ortográfico |
| Primeira menção de responsabilidade | Leonor Sardinha |
| Outras menções de responsabilidade | Lydia Vieira Ramos |
| 205 ## - Menção da edição | |
| Menção da edição | 1ª ed. |
| 210 ## - Publicação, Distribuição, etc. | |
| Lugar da edição, distribuição, etc. | Lisboa |
| Nome do editor, distribuidor, etc. | Didáctica Editora |
| Data da publicação, distribuição, etc. | 2009 |
| 304 ## - Notas relativas a título e menção de responsabilidade | |
| Texto da nota | Tít. orig.: |
| 606 ## - Nome comum usado como assunto | |
| Número de registo de entrada de autoridade | 0001239 |
| Palavra de ordem | Língua Portuguesa |
| Subdivisão de assunto | Ortografia |
| 675 ## - Classificação Decimal Universal (CDU) | |
| Edição | BN |
| Língua da edição | por |
| 700 #1 - Nome de autor-pessoa física (responsabilidade principal) | |
| Número de registo de entrada de autoridade | 0001241 |
| Palavra de ordem | Sardinha |
| Outra parte do nome não tomada para palavra de ordem | Leonor |
| 942 ## - Elementos de entrada adicionados (Koha) | |
| Tipo de item no Koha | Livro |
| Situação do levantamento | Origin of item (home branch) (coded) | Biblioteca de empréstimo | Código de barras | Cota | Circulation type (not for loan) | Tipo de documento | Nota do exemplar | Damaged status |
|---|---|---|---|---|---|---|---|---|
| Biblioteca Escolar Eng. Nuno Mergulhão | Biblioteca Escolar Eng. Nuno Mergulhão | BENM1680 | 811 SAR | Livro | Sem mensagem |
